Districts of Gwynedd - Statistics

General Stats
  • This quiz has been taken 8 times
  • The average score is 4 of 5
Answer Stats
Hint Answer % Correct
District Arfon
100%
District Dwyfor
83%
District Meirionnydd
83%
District Aberconwy
67%
District Angelsey
50%
No matching quizzes found
Score Distribution
Percent of People with Each Score
Percentile by Number Answered
Your Score History
You have not taken this quiz